Statistics for Name a Valid Catalan Town A-Z

Click here to take the quiz!

General Stats

  • This quiz has been taken 70 times
  • The average score is 13 of 22

Answer Stats

LetterTown% Correct
BBarcelona | Badalona | Blanes | +62 others
100%
GGirona | Granollers | Gavà | +39 others
85%
SSabadell | Santa Coloma de Gramenet | Sant Cugat del Vallès | +154 others
83%
TTerrassa | Tarragona | Tortosa | +48 others
83%
CCornellà de Llobregat | Castelldefels | Cerdanyola del Vallès | +113 others
81%
LLleida | Lloret de Mar | Lliçà d'Amunt | +25 others
71%
VVilanova i la Geltrú | Viladecans | Vic | +85 others
71%
Pel Prat de Llobregat | Premià de Mar | Pineda de Mar | +85 others
69%
MMataró | Manresa | Mollet del Vallès | +74 others
69%
RReus | Rubí | Ripollet | +37 others
69%
AAmposta | Arenys de Mar | Argentona | +75 others
67%
Hl'Hospitalet de Llobregat | Hostalric | els Hostalets de Pierola | +1 other
65%
OOlot | Olesa de Montserrat | Olivella | +22 others
62%
FFigueres | les Franqueses del Vallès | Flix | +30 others
58%
IIgualada | Ivars d'Urgell | Isona i Conca Dellà | +3 others
56%
EEsplugues de Llobregat | Esparreguera | l'Escala | +13 others
48%
DDeltebre | Dosrius | Darnius | +2 others
37%
UUlldecona | Ullastrell | Ullà | +4 others
35%
NNavarcles | Navàs | Naut Aran | +6 others
27%
QQuart | Querol | Queralbs | +1 other
27%
XXerta
27%
JJuneda | la Jonquera | Jorba | +4 others
25%

Score Distribution

Percentile by Number Answered

Percent of People with Each Score

Your Score History

You have not taken this quiz